000 00777nam a22002057a 4500
999 _c176395
_d176395
005 20201217160531.0
010 _aENG-128697
020 _a978-93-534-3638-4
_c730.00
035 _aEN-112229
037 _bDBAD/PUB
082 _a370.15
100 _aWoolfolk, Anita
245 _aEducational Phychology/
_cAnita Woolfolk and Preeti Kapur
250 _a14
260 _aUttar Pradesh
_bPearson India Education Services Pvt. Ltd.
_c2019
270 _bUttar Pradesh
_e201301
_a15th Floor, Tower-B, World Trade Tower, Plot No.- 1, Block-C, Sector-16, Noida
_mcompanysecretary.india@pearson.com
_k044-66540100
300 _avarious pages.
_c25cm(pbk)
_bIncluding, Tables, Illustrations and Index.
700 _aKapur, Preeti
942 _2ddc
_cEN
_h370.15
_mWOO